00821nam a2200265 u 450000100070000000500170000700800410002403500110006504000130007604100080008908000070009710000430010424501100014726000230025730000130028050000310029365000270032465000390035165000130039070000410040370000440044470000470048850200120053552600080054718884720240112101002.0980601s1993 spa  a188847 ccomduadb aspa aLB10aGallego Duque, Astrid Helena4auteaut10aAyudas audiovisuales : propuesta de formacion profesional en gerencia de sistemas de informacion en salud aMedellín,c1993. a50h. il. aDonacion autoras 93-12-13. aRecursos audiovisuales aSistemas de información en salud aGerencia10aGutierrez Barrera, Marleny4auteaut10aMarin Echeverri, Alfonso Heli4edteedt10aAgudelo García, Héctor Byron4edteedt b281c20 a283